000 00758nam a2200265Ia 4500
005 20260121165952.0
008 008 260114s9999 xx 000 0 eng d
020 _a9783319611273
037 _aEBOOK
040 _aCRL
040 _beng
040 _cCRL
041 _2eng
041 _aeng
084 _qCRL
100 _aPaolo Cristofanelli, Erika Brattich, Stefano Decesari, Tony Christian Landi, Michela Maione, Davide Putero, Laura Tositti, Paolo Bonasoni
_91058215
245 0 _aHigh-Mountain Atmospheric Research
260 _bSpringer
260 _bSpringer
260 _c2018
856 _uhttps://link.springer.com/openurl?genre=book&isbn=978-3-319-61127-3
942 _cEBOOK
999 _c1623944
_d1623944